| 000 | 01063nam a2200301 i 4500 | ||
|---|---|---|---|
| 001 | 8464 | ||
| 003 | KOSZ 005 | ||
| 005 | 20221010141709.0 | ||
| 008 | 070926s1967 pl a f 000 0 pol | ||
| 015 | _aPB 1968/214 | ||
| 040 |
_aWA N _cKOSZ 005/RW _dKOSZ 005/RW _dKOSZ 005/HR |
||
| 046 | _k1967 | ||
| 080 | _a621.317 | ||
| 100 | 1 |
_aLis, Bronisław. _eAutor. |
|
| 245 | 1 | 0 |
_aLiczniki energii elektrycznej : _bdziałanie, instalowanie, użytkowanie / _cBronisław Lis. |
| 250 | _aWyd. 3 rozsz. | ||
| 260 |
_aWarszawa : _bWydawnictwa Naukowo-Techniczne, _c1967. |
||
| 300 |
_a206, [2] s., [2] k. tabl. : _bil. ; _c23 cm. |
||
| 380 | _aKsiążki. | ||
| 388 | _a1901-2000 | ||
| 490 | 1 | _aBiblioteka Montera Elektryka. | |
| 658 | _aInżynieria i technika | ||
| 650 | 4 | _aLiczniki energii elektrycznej | |
| 710 | 2 |
_aWydawnictwa Naukowo-Techniczne _4pbl. |
|
| 830 | 0 | _aBME Biblioteka Montera Elektryka. | |
| 856 |
_uhttp://koha.tu.koszalin.pl/cgi-bin/koha/opac-detail.pl?biblionumber=8464 _yKatalog online BPK |
||
| 942 |
_2UKD _cKS |
||
| 999 |
_c8464 _d8464 |
||